Statistics for US State Shapes Quiz #1

Click here to take the quiz!

General Stats

  • This quiz has been taken 25 times
  • The average score is 15 of 16

Answer Stats

Hint Answer % Correct
California
100%
Florida
100%
Michigan
100%
New York
100%
Hawaii
100%
Texas
100%
Washington
100%
New Jersey
100%
Louisiana
100%
Maine
100%
Alaska
100%
Virginia
100%
Massachusetts
95%
Ohio
95%
Georgia
73%
Rhode Island
68%

Score Distribution

Percentile by Number Answered

Percent of People with Each Score

Your Score History

You have not taken this quiz